| 000 | 00770nam#a22002535a#4500 | ||
|---|---|---|---|
| 001 | 9553 | ||
| 003 | AR-RoUNC | ||
| 005 | 20260511203518.0 | ||
| 008 | 050906s2001uuuuag gr ||1 fdspa|d | ||
| 020 | _a9789500713900 | ||
| 040 |
_aAR-RoUNC _dAR-MoUNM |
||
| 041 | _aspa | ||
| 082 | 0 | 4 |
_224.11 _aFR843 _bYOU 81 |
| 100 | 1 |
_aYourcenar, Marguerite _d1903-1987., _925637 |
|
| 245 | 1 | 0 |
_aMemorias de Adriano / _cMarguerite Yourcenar ; traducción, Julio Cortázar. |
| 250 | _a28a ed. | ||
| 260 |
_aBuenos Aires : _bSudamericana, _c2001. |
||
| 300 |
_a285 p. : _c23 cm. |
||
| 490 | 0 | _a(Narrativas históricas) | |
| 650 | 7 |
_aLITERATURA _zFRANCIA _2unescot _93586 |
|
| 650 | 7 |
_aNOVELA _2unescot _9608 |
|
| 700 | 1 |
_aCortázar, Julio, _d1914-1984 _93570 _etr. |
|
| 942 |
_2ddc _cLIBRO |
||
| 999 |
_c21758 _d21759 |
||